000 00535nam a2200181 i 4500
001 55742
003 ES-MaACL
005 20230906163217.0
007 t|
008 030925s1970 sp ||||1| spa d
100 1 _aDevlin, Bernadette.
_944015
245 1 3 _aEl precio de mi alma /
_cpor Bernadette Devlin ; [traducción de Isabel Ulsamer].
250 _a[1ª ed.].
260 _a[Barcelona] :
_bPlaza & Janés,
_c[1970]
300 _a310 p. ;
_c20 cm.
700 1 _aUlsamer, Isabel.
_9111960
852 _aES-MaACL
_jC-39830
_bR.72903
999 _c55742
_d55742